Karl Marx and Frederick Engels selected works in two volumes, Vol. II / (Record no. 163165)

MARC details
000 -LEADER
fixed length control field 00888nam a2200277 a 4500
008 - FIXED-LENGTH DATA ELEMENTS--GENERAL INFORMATION
fixed length control field
049 ## - LOCAL HOLDINGS (OCLC)
Holding library MAIN
090 ## - LOCALLY ASSIGNED LC-TYPE CALL NUMBER (OCLC); LOCAL CALL NUMBER (RLIN)
Classification number (OCLC) (R) ; Classification number, CALL (RLIN) (NR) HB501
Local cutter number (OCLC) ; Book number/undivided call number, CALL (RLIN) MAR
003 - CONTROL NUMBER IDENTIFIER
control field
005 - DATE AND TIME OF LATEST TRANSACTION
control field 20230123134259.0
040 ## - CATALOGING SOURCE
Transcribing agency NUST
100 ## - MAIN ENTRY--PERSONAL NAME
Personal name Marx, Karl.
245 10 - TITLE STATEMENT
Title Karl Marx and Frederick Engels selected works in two volumes, Vol. II /
Statement of responsibility, etc. Karl Marx and Frederick Engels.
260 ## - PUBLICATION, DISTRIBUTION, ETC.
Place of publication, distribution, etc. Moscow :
Name of publisher, distributor, etc. Foreign Languages Publishing House,
Date of publication, distribution, etc. 1962.
300 ## - PHYSICAL DESCRIPTION
Extent 1st ed.
300 ## - PHYSICAL DESCRIPTION
Extent 2 v. 531 p. ;
Dimensions 23 cm.
504 ## - BIBLIOGRAPHY, ETC. NOTE
Bibliography, etc. note Includes bibliographical references.
500 ## - GENERAL NOTE
General note Includes index.
500 ## - GENERAL NOTE
General note Cover title: Karl Marx--Capital.
650 ## - SUBJECT ADDED ENTRY--TOPICAL TERM
Topical term or geographic name entry element Capitalism.
650 ## - SUBJECT ADDED ENTRY--TOPICAL TERM
Topical term or geographic name entry element Socialism
General subdivision Collected works.
700 ## - ADDED ENTRY--PERSONAL NAME
Personal name Engels, Frederick.
710 ## - ADDED ENTRY--CORPORATE NAME
Corporate name or jurisdiction name as entry element Institut marksizma-leninizma (Moscow, Russia)
907 ## - LOCAL DATA ELEMENT G, LDG (RLIN)
a .b10218427
b 24-09-15
c 01-11-06
942 ## - ADDED ENTRY ELEMENTS (KOHA)
Koha item type Ordinary Loan Books
Call number prefix HB501
Call number suffix MAR
Holdings
Date last seen Total Checkouts Full call number Barcode Cost, replacement price Price effective from Koha item type Lost status Source of classification or shelving scheme Damaged status Not for loan Collection Withdrawn status Home library Current library Shelving location Date acquired Cost, normal purchase price
01/23/2023   HB501 MAR 92004004427 80.00 01/23/2023 BOOKS   LCC     NFIC   MAIN MAIN GEN 01/23/2023 80.00